Biggest Cities in Canada by Region - Statistics

General Stats
  • This quiz has been taken 36 times
  • The average score is 17 of 25
Answer Stats
Population City % Correct
Prairie Provinces 932,546 Edmonton
100%
Central Canada 1,704,694 Montreal
100%
Central Canada 2,731,571 Toronto
100%
West Coast 631,486 Vancouver
100%
Atlantic Provinces 403,131 Halifax
97%
Central Canada 934,243 Ottawa
97%
Prairie Provinces 705,224 Winnipeg
97%
Prairie Provinces 1,239,220 Calgary
94%
Atlantic Provinces 67,575 Saint John
94%
Atlantic Provinces 108,860 St. John's
94%
Prairie Provinces 246,376 Saskatoon
89%
Prairie Provinces 215,106 Regina
86%
Northern Territories 19,569 Yellowknife
81%
Northern Territories 25,085 Whitehorse
72%
Northern Territories 7,740 Iqaluit
67%
Atlantic Provinces 71,889 Moncton
67%
Central Canada 721,599 Mississauga
61%
West Coast 517,887 Surrey
44%
Central Canada 593,638 Brampton
42%
West Coast 232,755 Burnaby
31%
West Coast 198,309 Richmond
31%
West Coast 141,397 Abbotsford
28%
Atlantic Provinces 94,285 Cape Breton
19%
Northern Territories 3,528 Hay River
14%
Northern Territories 3,243 Inuvik
11%
No matching quizzes found
Score Distribution
Percent of People with Each Score
Percentile by Number Answered
Your Score History
You have not taken this quiz